States With the Most Mass Shootings in 2019 - Statistics

General Stats
  • This quiz has been taken 133 times
    103 since last reset
  • The average score is 10 of 16
Answer Stats
# of Shootings Answer % Correct
38 Texas
99%
43 California
96%
20 Florida
91%
19 Georgia
74%
16 Ohio
68%
41 Illinois
65%
12 Michigan
63%
12 Virginia
63%
15 North Carolina
60%
18 Pennsylvania
60%
12 Alabama
59%
12 Indiana
50%
23 Louisiana
46%
21 Maryland
46%
14 New Jersey
46%
15 Missouri
43%
No matching quizzes found
Score Distribution
Percent of People with Each Score
Percentile by Number Answered
Your Score History
You have not taken this quiz since the last reset